• 首页
  • 本馆介绍
  • 公告通知
  • 最新文献
  • 馆藏检索
  • 电子资源
  • 读者导购
  • 参考咨询
  • 我的图书馆
  • 登录
  • 详细信息显示
  • 放入我的书架
  • 预约/预借图书
  • 作者相关作品
  • 分类相关作品
  • 丛书相关作品
  • 出版社相关作品

书目信息

  • 表格格式
  • 工作单格式
  • 卡片格式
题名:
可持续的人口集聚
    
 
作者: 谭静, 著
分册:  
出版信息: 北京   经济管理出版社  2019
页数: 294页
开本: 24cm
丛书名:
单 册:
中图分类: C924.255 , C924.2
科图分类:
主题词:
电子资源:
ISBN: 978-7-5096-6524-4
000 02027nam0 2200277 450
001 2361179201
005 20231211170004.85
010    @a978-7-5096-6524-4@dCNY88.00
100    @a20190903d2019 em y0chiy50 ea
101 0  @achi
102    @aCN@b110000
105    @aak a 000yy
200 1  @a可持续的人口集聚@Ake chi xu de ren kou ji ju@e以长三角地区的入口导入和碳减排实现机制为例@d= Sustainable population agglomeration@etake the population introduction and carbon emission reduction mechanism in the Yangtze river delta as an example@f谭静著@zeng
210    @a北京@c经济管理出版社@d2019
215    @a294页@c图@d24cm
314    @a谭静, 1984年生, 山西省太原市人。现就职于上海大学经济学院产业经济研究中心, 讲师、硕士生导师。2012年于复旦大学社会发展与公共政策学院获得经济学博士学位。
320    @a有书目 (第263-282页)
330    @a伴随着人口迁移流动、城镇化过程和工业化进程的加速, 东部地区作为我国最重要的人口导入区和经济发展重心, 面临着人口和环境的冲突与挑战。人口导入区作为一个开放系统, 其人口-环境关系具有区域可持续发展的普遍性, 亦有其特殊性, 主要体现在基于相对量的改善, 而非绝对量, 对此, 本书构建了“可持续的人口集聚”这一概念框架, 将人口-环境关系分为无压力、弱压力和强压力状态。在这一框架下, 本书以我国主要的人口集聚区长三角两省一市为研究对象, 研究发现在过去相当长的一段时期内长三角地区人口-环境关系处于强压力状态。进一步通过基于计量经济学和文献研究的系统动力学模型, 研究构建了十一个政策调整模型发现了五类政策工具集对于人口-环境关系改善的不同作用。最后研究对区域可持续性分析提出了四方面“谨慎判断”的启示。
510 1  @aSustainable population agglomeration@etake the population introduction and carbon emission reduction mechanism in the Yangtze river delta as an example@zeng
517 1  @a以长三角地区的入口导入和碳减排实现机制为例@Ayi chang san jiao di qu de ru kou dao ru he tan jian pai shi xian ji zhi wei li
607    @a长江三角洲@x流动人口@x研究
690    @aC924.255@v5
690    @aC924.2@v4
701  0 @a谭静,@Atan jing@f1984-@4著
801  0 @aCN@b湖北三新@c20190903
905    @aZUCC@dC924.2@e10
    
    可持续的人口集聚:以长三角地区的入口导入和碳减排实现机制为例= Sustainable population agglomeration:take the population introduction and carbon emission reduction mechanism in the Yangtze river delta as an example/谭静著.-北京:经济管理出版社,2019
    294页:图;24cm
    
    
    ISBN 978-7-5096-6524-4:CNY88.00
    伴随着人口迁移流动、城镇化过程和工业化进程的加速, 东部地区作为我国最重要的人口导入区和经济发展重心, 面临着人口和环境的冲突与挑战。人口导入区作为一个开放系统, 其人口-环境关系具有区域可持续发展的普遍性, 亦有其特殊性, 主要体现在基于相对量的改善, 而非绝对量, 对此, 本书构建了“可持续的人口集聚”这一概念框架, 将人口-环境关系分为无压力、弱压力和强压力状态。在这一框架下, 本书以我国主要的人口集聚区长三角两省一市为研究对象, 研究发现在过去相当长的一段时期内长三角地区人口-环境关系处于强压力状态。进一步通过基于计量经济学和文献研究的系统动力学模型, 研究构建了十一个政策调整模型发现了五类政策工具集对于人口-环境关系改善的不同作用。最后研究对区域可持续性分析提出了四方面“谨慎判断”的启示。
●
相关链接 在五车中查询图书 在当当中查询图书 在豆瓣中查询图书


正题名:可持续的人口集聚     索取号:C924.2/10         预约/预借

序号 登录号 条形码 馆藏地/架位号 状态 备注
1 2001422991   2001422991   209书库/ [索取号:C924.2/10] 在馆    
2 2001422992   2001422992   209书库/ [索取号:C924.2/10] 在馆    
3 2001422993   2001422993   209书库/ [索取号:C924.2/10] 在馆    
4 2001422994   2001422994   209书库/ [索取号:C924.2/10] 在馆    
5 2001422995   2001422995   209书库/ [索取号:C924.2/10] 在馆    
6 2001422996   2001422996   209书库/ [索取号:C924.2/10] 在馆    
7 2001422997   2001422997   209书库/ [索取号:C924.2/10] 在馆    
8 2001422998   2001422998   209书库/ [索取号:C924.2/10] 在馆    
山东省滨州职业学院图书馆 欢迎您!
大连网信软件有限公司© 版权所有